[Event "AUTO-INT-3192"]
[Site "http://www.queenalice.com/game.php?id=1449518"]
[Date "2016.11.12"]
[Round "1"]
[White "IgorOliveiraSep"]
[Black "mindlessbrain"]
[Result "1-0"]
[WhiteElo "1589"]
[BlackElo "1445"]

1. e4 e5 2. Nf3 Nc6 3. Bd3 d5 4. Qe2 d4 5. O-O Bd6 6. b3 Nf6 7. Ba3 Be6 8. Ng5
Bxa3 9. Nxa3 O-O 10. c4 Ng4 11. Nxe6 Qh4 12. h3 Rfe8 13. Nxc7 Ne3 14. dxe3 g6
15. Nxa8 Rxa8 16. Qg4 Qf6 17. Qd7 b6 18. Nb5 Rd8 19. Qc7 h5 20. a4 Nb4 21. Be2
d3 22. Bf3 Re8 23. Qd6 Qe7 24. Qxe7 Rxe7 25. Nc3 Kg7 26. Nd5 Nxd5 27. exd5 e4
28. d6 Re8 29. Bd1 Rd8 30. f3 Rxd6 31. fxe4 d2 32. b4 Rd3 33. Ra2 a6 34. Kf2 f5
35. exf5 gxf5 36. Be2 Rd6 37. c5 bxc5 38. bxc5 Rc6 39. Rxd2 Rxc5 40. Bxa6 Ra5
41. Bb5 Kg6 42. Rd6+ Kg5 43. Ra6 Rxa6 44. Bxa6 1-0

[Event "AUTO-INT-3192"]
[Site "http://www.queenalice.com/game.php?id=1449519"]
[Date "2016.11.12"]
[Round "1"]
[White "mindlessbrain"]
[Black "IgorOliveiraSep"]
[Result "0-1"]
[WhiteElo "1471"]
[BlackElo "1423"]

1. e4 e5 2. d4 d6 3. d5 Nf6 4. Nc3 Be7 5. Bd3 Na6 6. Be3 Nc5 7. Bxc5 dxc5 8.
Nge2 O-O 9. O-O Bg4 10. Qb1 b6 11. Ng3 Nh5 12. Nf5 Nf4 13. Ne2 Nxe2+ 14. Bxe2
Bxe2 15. Re1 Ba6 16. b3 g6 17. Nh6+ Kg7 18. Qc1 Bg5 19. Qb2 Bxh6 20. Qxe5+ Qf6
21. Qxc7 Rac8 22. Qxa7 Ra8 23. e5 Qf5 24. Qxb6 Qxc2 25. e6 fxe6 26. dxe6 Qxf2+
27. Kh1 c4 28. e7 Qxb6 29. exf8=Q+ Rxf8 30. bxc4 Bxc4 31. a4 Bd2 32. a5 Qc6 33.
Red1 Rf2 0-1

[Event "AUTO-INT-3192"]
[Site "http://www.queenalice.com/game.php?id=1449532"]
[Date "2016.11.12"]
[Round "1"]
[White "crapaud93600"]
[Black "mindlessbrain"]
[Result "1-0"]
[WhiteElo "1443"]
[BlackElo "1472"]

1. d4 d5 2. c4 e6 3. Nf3 dxc4 4. e3 Nf6 5. Bxc4 Bd6 6. b3 O-O 7. O-O a6 8. Bb2
b5 9. Bd3 Nc6 10. e4 Nb4 11. e5 Ng4 12. exd6 cxd6 13. Bc1 d5 14. Ba3 Bd7 15.
Bxb4 Re8 16. h3 Nf6 17. Ne5 a5 18. Bd2 b4 19. Bg5 h6 20. Bxf6 Qxf6 21. Nxd7 Qxd4
22. Nd2 Qxd3 23. Nf3 Qb5 24. Nde5 f5 25. Nd4 Qb8 26. Rc1 Qxe5 27. Re1 Qd6 28.
Rc6 Qd7 29. Rcxe6 Rec8 30. Nxf5 Ra7 31. Qg4 Rac7 32. Rd6 Qf7 33. Nxh6+ 1-0

[Event "AUTO-INT-3192"]
[Site "http://www.queenalice.com/game.php?id=1449533"]
[Date "2016.11.12"]
[Round "1"]
[White "mindlessbrain"]
[Black "crapaud93600"]
[Result "1-0"]
[WhiteElo "1429"]
[BlackElo "1460"]

1. e4 e6 2. e5 Nc6 3. d4 d5 4. Nf3 Bb4+ 5. c3 Be7 6. Be2 Na5 7. O-O Bd7 8. b4
Nc4 9. Bxc4 dxc4 10. Na3 b5 11. Be3 h6 12. Nc2 Bc6 13. a3 f6 14. Nce1 a5 15. Nh4
Be4 16. Qg4 g5 17. Ng6 Bxg6 18. Qxe6 Bf7 19. Qc6+ Kf8 20. Qxb5 axb4 21. Nc2 Rb8
22. Qa4 b3 23. Nb4 Bxb4 24. axb4 fxe5 25. dxe5 Ne7 26. Bc5 Kg7 27. Qa6 Ra8 28.
Qf6+ Kg8 29. Bxe7 Qe8 30. Rxa8 Qxa8 31. e6 Be8 32. Bd8 Rh7 33. e7 Rf7 34. Qg6+
Rg7 35. Qxe8+ Kh7 36. Qf8 Rg8 37. Qf7+ Rg7 38. Qxc4 1-0

[Event "AUTO-INT-3192"]
[Site "http://www.queenalice.com/game.php?id=1449542"]
[Date "2016.11.12"]
[Round "1"]
[White "mindlessbrain"]
[Black "marreta7"]
[Result "0-1"]
[WhiteElo "1321"]
[BlackElo "1591"]

1. e4 e5 2. d4 exd4 3. Qxd4 Nc6 4. Qd1 Bc5 5. Nf3 a6 6. Bd3 h6 7. O-O d6 8. Nc3
Nf6 9. Bf4 O-O 10. Na4 Ba7 11. Nc3 b5 12. Ne2 Re8 13. Ng3 Bg4 14. a3 Bxf3 15.
Qxf3 Nd4 16. Qe3 Nxc2 17. Qf3 Nxa1 18. Nf5 d5 19. Qg3 g6 20. Nxh6+ Kf8 21. Bxc7
Qc8 22. Qf4 Kg7 23. Be5 Re6 24. Rxa1 Qd8 25. Ng4 dxe4 26. Bxe4 Rc8 27. Qh6+ Kg8
28. Nxf6+ Rxf6 29. Bxf6 Qxf6 30. Bb7 Qxb2 31. Rf1 Rc2 32. Qf4 Qxa3 33. Bd5 Qf8
34. Rc1 Rxc1+ 35. Qxc1 Kg7 36. h4 b4 37. g4 Qc5 38. Qd2 a5 0-1

[Event "AUTO-INT-3192"]
[Site "http://www.queenalice.com/game.php?id=1449543"]
[Date "2016.11.12"]
[Round "1"]
[White "marreta7"]
[Black "mindlessbrain"]
[Result "1-0"]
[WhiteElo "1595"]
[BlackElo "1455"]

1. e4 e5 2. Bc4 Bc5 3. d3 Bd4 4. Nf3 d6 5. Nxd4 Nf6 6. h3 O-O 7. Nc3 Bd7 8. Nf3
Nc6 9. a3 a6 10. O-O b5 11. Ba2 Nd4 12. Nxd4 c5 13. Nf3 a5 14. Bg5 b4 15. axb4
axb4 16. Bxf6 Qxf6 17. Nd5 Qh6 18. Nb6 Rad8 19. Nxd7 Rfe8 20. Nb6 Qf4 21. Nd5
Qh6 22. Qd2 Qe6 23. Nc7 Qd7 24. Nxe8 Rxe8 25. Bd5 Rf8 26. Ra8 Rxa8 27. Bxa8 Qa7
28. Bd5 h6 29. Qc1 Kh8 30. Qa1 Qb8 31. Qa8 Qxa8 32. Bxa8 1-0

[Event "AUTO-OPEN-3732"]
[Site "http://www.queenalice.com/game.php?id=1451949"]
[Date "2016.11.25"]
[Round "1"]
[White "roli68"]
[Black "mindlessbrain"]
[Result "1-0"]
[WhiteElo "1645"]
[BlackElo "1388"]

1. e3 e5 2. Nh3 d5 3. d4 e4 4. Bb5+ Bd7 5. c4 Bxb5 6. cxb5 c6 7. Nc3 Nf6 8. f3
a5 9. a4 Bb4 10. O-O Nbd7 11. fxe4 1-0

[Event "AUTO-OPEN-3732"]
[Site "http://www.queenalice.com/game.php?id=1451950"]
[Date "2016.11.25"]
[Round "1"]
[White "mindlessbrain"]
[Black "roli68"]
[Result "0-1"]
[WhiteElo "1394"]
[BlackElo "1639"]

1. e4 e5 2. d4 Nf6 3. Nc3 d5 4. Nf3 dxe4 5. dxe5 exf3 6. g3 Ng4 7. Qxf3 Nxe5 8.
Qe4 f6 9. Bf4 Bd6 10. Bd3 f5 11. Qd5 c6 12. Qg2 g5 13. Be3 h6 0-1

[Event "AUTO-OPEN-3732"]
[Site "http://www.queenalice.com/game.php?id=1451971"]
[Date "2016.11.25"]
[Round "1"]
[White "mindlessbrain"]
[Black "holandes"]
[Result "0-1"]
[WhiteElo "1325"]
[BlackElo "1859"]

1. e4 e5 2. d4 Qe7 3. d5 h6 4. Nc3 a6 5. Bd3 d6 6. Nge2 Bg4 7. O-O Nd7 8. Ng3
Bxd1 9. Nxd1 Qf6 10. Ne3 Ne7 11. Nh5 Qg6 12. Ng3 O-O-O 13. Nef5 Nxf5 14. Nxf5
Nc5 0-1

[Event "AUTO-OPEN-3732"]
[Site "http://www.queenalice.com/game.php?id=1451972"]
[Date "2016.11.25"]
[Round "1"]
[White "holandes"]
[Black "mindlessbrain"]
[Result "1-0"]
[WhiteElo "1861"]
[BlackElo "1323"]

1. e4 e5 2. Nc3 Nf6 3. a3 d5 4. exd5 Nxd5 5. Qf3 Be6 6. Bc4 Bd6 7. Nxd5 O-O 8.
d3 Nc6 9. c3 a6 10. Ne2 b5 11. Bb3 Na5 12. Ba2 c6 13. b4 1-0

[Event "AUTO-OPEN-3732"]
[Site "http://www.queenalice.com/game.php?id=1451973"]
[Date "2016.11.25"]
[Round "1"]
[White "mindlessbrain"]
[Black "Zanocovsky"]
[Result "0-1"]
[WhiteElo "1333"]
[BlackElo "1963"]

1. e4 c5 2. d3 Nc6 3. Nf3 d6 4. Nc3 Nf6 5. Be3 e6 6. Be2 Be7 7. O-O O-O 8. Nb5
a6 9. Nc3 b5 10. b3 Bb7 11. a4 Qc7 12. axb5 axb5 13. Nxb5 Qd7 14. c4 Rxa1 0-1

[Event "AUTO-OPEN-3732"]
[Site "http://www.queenalice.com/game.php?id=1451974"]
[Date "2016.11.25"]
[Round "1"]
[White "Zanocovsky"]
[Black "mindlessbrain"]
[Result "1-0"]
[WhiteElo "1965"]
[BlackElo "1331"]

1. e4 e5 2. Nf3 Nc6 3. Bb5 Nf6 4. O-O Nxe4 5. d4 Bd6 6. Bxc6 dxc6 7. dxe5 Be7 8.
Qxd8+ Bxd8 9. Re1 Bf5 10. c3 Nc5 11. Nbd2 Nd3 12. Rd1 c5 13. Nc4 O-O 14. b3 b5
15. Ne3 1-0

[Event "AUTO-INT-3198"]
[Site "http://www.queenalice.com/game.php?id=1452055"]
[Date "2016.11.26"]
[Round "1"]
[White "Tantra"]
[Black "mindlessbrain"]
[Result "1-0"]
[WhiteElo "1859"]
[BlackElo "1405"]

1. e4 e5 2. f4 d5 3. exd5 Qxd5 4. Nc3 Qd6 5. Nf3 exf4 6. Be2 Nf6 7. O-O Qd8 8.
d4 Nc6 9. Bxf4 Bd6 10. Ne5 Be6 11. Bb5 O-O 12. Bxc6 bxc6 13. Nxc6 Qc8 14. Bxd6
cxd6 15. Ne7+ Kh8 16. Nxc8 Bxc8 17. Qd2 1-0

[Event "AUTO-INT-3198"]
[Site "http://www.queenalice.com/game.php?id=1452056"]
[Date "2016.11.26"]
[Round "1"]
[White "mindlessbrain"]
[Black "Tantra"]
[Result "0-1"]
[WhiteElo "1403"]
[BlackElo "1861"]

1. e4 e5 2. d4 exd4 3. Qxd4 Nc6 4. Qd1 Bc5 5. Nf3 Nge7 6. Bd3 O-O 7. Nc3 d6 8.
O-O Bg4 9. Bf4 Nd4 10. Be3 Nxf3+ 11. Kh1 Nxh2 12. Qc1 Bxe3 13. Qxe3 Nxf1 14.
Bxf1 Ng6 15. Nd5 c6 16. Nf4 Nxf4 0-1

[Event "AUTO-INT-3198"]
[Site "http://www.queenalice.com/game.php?id=1452067"]
[Date "2016.11.26"]
[Round "1"]
[White "roli68"]
[Black "mindlessbrain"]
[Result "1-0"]
[WhiteElo "1632"]
[BlackElo "1401"]

1. e4 e5 2. d3 d5 3. Qf3 d4 4. Nh3 Nc6 5. Ng5 Nh6 6. Na3 Bd6 7. g3 O-O 8. g4
Bxg4 9. Qg3 Ne7 10. h3 Qd7 11. hxg4 Nxg4 12. Nxh7 1-0

[Event "AUTO-INT-3198"]
[Site "http://www.queenalice.com/game.php?id=1452068"]
[Date "2016.11.26"]
[Round "1"]
[White "mindlessbrain"]
[Black "roli68"]
[Result "0-1"]
[WhiteElo "1382"]
[BlackElo "1651"]

1. e4 d5 2. e5 Nc6 3. d4 Nh6 4. Nf3 Bg4 5. Be2 e6 6. O-O Bf5 7. Nc3 f6 8. Be3
Ng4 9. Nh4 fxe5 10. Nxf5 exf5 11. Bxg4 fxg4 0-1

[Event "AUTO-INT-3198"]
[Site "http://www.queenalice.com/game.php?id=1452073"]
[Date "2016.11.26"]
[Round "1"]
[White "NeeneNY"]
[Black "mindlessbrain"]
[Result "1-0"]
[WhiteElo "1625"]
[BlackElo "1421"]

1. e4 e5 2. Nf3 Nc6 3. Bc4 Nf6 4. c3 d5 5. exd5 e4 6. dxc6 b6 7. Ne5 Be6 8. d3
exd3 9. Bxd3 Bd6 10. Nc4 O-O 11. O-O Nd5 12. Nbd2 1-0

[Event "AUTO-INT-3198"]
[Site "http://www.queenalice.com/game.php?id=1452074"]
[Date "2016.11.26"]
[Round "1"]
[White "mindlessbrain"]
[Black "NeeneNY"]
[Result "0-1"]
[WhiteElo "1329"]
[BlackElo "1633"]

1. e4 e5 2. d4 Nc6 3. d5 Nd4 4. Nc3 Bc5 5. Bd3 c6 6. Be3 d6 7. Nge2 Nf6 8. O-O
O-O 9. Ng3 a6 10. a3 b5 11. b4 Bb6 12. Nh5 a5 13. Ne2 cxd5 14. Nxd4 exd4 0-1

[Event "AUTO-INT-3199"]
[Site "http://www.queenalice.com/game.php?id=1452838"]
[Date "2016.12.1"]
[Round "1"]
[White "Ruusgugg"]
[Black "mindlessbrain"]
[Result "1-0"]
[WhiteElo "1278"]
[BlackElo "1295"]

1. e4 e5 2. d3 d5 3. exd5 Qxd5 4. c4 Qd8 5. f4 exf4 6. Bxf4 Nf6 7. Qa4+ Bd7 8.
Qd1 Nc6 9. Ne2 Bc5 10. d4 Bb4+ 11. Nbc3 Bxc3+ 12. bxc3 O-O 13. d5 Na5 14. Qd4
1-0

[Event "AUTO-INT-3199"]
[Site "http://www.queenalice.com/game.php?id=1452839"]
[Date "2016.12.1"]
[Round "1"]
[White "mindlessbrain"]
[Black "Ruusgugg"]
[Result "0-1"]
[WhiteElo "1313"]
[BlackElo "1260"]

1. e4 e5 2. d4 exd4 3. Qxd4 c5 4. Qd1 Nf6 5. Bd3 Qb6 6. Nf3 h6 7. O-O Ng4 8. Nc3
Qf6 9. Nd5 Qd8 10. Bf4 d6 11. c4 g5 12. Bd2 h5 13. Nxg5 Rg8 0-1

[Event "AUTO-INT-3199"]
[Site "http://www.queenalice.com/game.php?id=1452854"]
[Date "2016.12.1"]
[Round "1"]
[White "ismaelfln"]
[Black "mindlessbrain"]
[Result "1-0"]
[WhiteElo "1597"]
[BlackElo "1434"]

1. e4 e5 2. Nf3 Nc6 3. Bb5 Nf6 4. Bxc6 dxc6 5. Nxe5 Nxe4 6. Qe2 Bf5 7. d3 Bd6 8.
dxe4 Bxe5 9. exf5 Qf6 10. Qf3 O-O 11. O-O Bxb2 12. Bxb2 Qxb2 13. Nd2 Qxc2 14.
Ne4 c5 15. f6 c4 16. fxg7 Rfe8 17. Nf6+ Kxg7 18. Nxe8+ Rxe8 19. Qxb7 c3 20. Qxc7
1-0

[Event "AUTO-INT-3199"]
[Site "http://www.queenalice.com/game.php?id=1452855"]
[Date "2016.12.1"]
[Round "1"]
[White "mindlessbrain"]
[Black "ismaelfln"]
[Result "0-1"]
[WhiteElo "1446"]
[BlackElo "1551"]

1. e4 e5 2. d4 exd4 3. Qxd4 Nc6 4. Qd1 Bb4+ 5. Nc3 Bxc3+ 6. bxc3 Nf6 7. Bd3 O-O
8. Bg5 h6 9. Bh4 g5 10. Bg3 d5 11. exd5 Qxd5 12. Nf3 Bg4 13. c4 Qe6+ 14. Be2
Bxf3 15. Bxc7 Bxg2 16. Rg1 Bf3 17. Bg3 Rad8 0-1

[Event "AUTO-INT-3199"]
[Site "http://www.queenalice.com/game.php?id=1452864"]
[Date "2016.12.1"]
[Round "1"]
[White "saturnin"]
[Black "mindlessbrain"]
[Result "1-0"]
[WhiteElo "1623"]
[BlackElo "1413"]

1. b4 d5 2. d4 Nc6 3. c3 e5 4. dxe5 Nxe5 5. e3 Nf6 6. Bb5+ Bd7 7. Ba4 Bd6 8. f4
O-O 9. fxe5 Bxe5 10. Nf3 b5 11. Nxe5 bxa4 12. Nxd7 Nxd7 13. Qxd5 Nf6 14. Qxd8
Raxd8 15. O-O Ne4 16. Rf4 Ng5 17. h4 Ne6 18. Rf3 c5 19. a3 Rd1+ 20. Rf1 Rd3 21.
g4 cxb4 22. axb4 1-0

[Event "AUTO-INT-3199"]
[Site "http://www.queenalice.com/game.php?id=1452865"]
[Date "2016.12.1"]
[Round "1"]
[White "mindlessbrain"]
[Black "saturnin"]
[Result "0-1"]
[WhiteElo "1316"]
[BlackElo "1635"]

1. e4 e5 2. d4 exd4 3. Qxd4 Nc6 4. Qd1 d6 5. Nc3 a6 6. Bd3 Nf6 7. Nge2 Be7 8.
O-O Bg4 9. Be3 O-O 10. Qc1 Nb4 11. Ng3 Nxd3 12. cxd3 b5 13. Nd5 Nxd5 14. Nf5
Nxe3 15. Qxe3 Bg5 16. Qg3 Bxf5 17. exf5 h6 18. d4 a5 19. a4 g6 20. fxg6 Kg7 21.
axb5 fxg6 22. d5 Bf4 23. Qg4 h5 24. Qe6 Rf6 25. Qe4 g5 26. b4 Be5 0-1